| 000 | 00733nam a2200301Ia 4500 | ||
|---|---|---|---|
| 005 | 20260401122452.0 | ||
| 008 | 008 250103s9999 xx 000 0 eng d | ||
| 020 | _a9780300198393 | ||
| 037 | _aTB | ||
| 040 | _aEDL | ||
| 040 | _beng | ||
| 040 | _cEDL | ||
| 041 | _2eng | ||
| 041 | _aeng | ||
| 084 | _a809.91SMI | ||
| 084 | _qEDL | ||
| 100 |
_aSmith, Steven B. _9981253 |
||
| 245 | 0 | _aModernity and its discontents: Making and unmaking the bougeois from Machiavelli to Bellow | |
| 245 | 0 | _cSmith, Steven B. | |
| 260 | _aNew Haven, USA | ||
| 260 | _bYale University Press | ||
| 260 | _c2016 | ||
| 300 | _a402p | ||
| 942 | _cTB | ||
| 942 | _h809.91SMI | ||
| 999 |
_c1847476 _d1847476 |
||